Online
Catalog

Historia de la filología clásica. / (Record no. 14005)

MARC details
000 -CABECERA
campo de control de longitud fija 00867nam a2200241ma 4500
001 - NÚMERO DE CONTROL
campo de control 000014414
003 - IDENTIFICADOR DEL NÚMERO DE CONTROL
campo de control UkOxU
005 - FECHA Y HORA DE LA ÚLTIMA TRANSACCIÓN
campo de control 20200929163841.0
008 - DATOS DE LONGITUD FIJA--INFORMACIÓN GENERAL
campo de control de longitud fija 860101s1941 xx 000 0 spa d
035 ## - NÚMERO DE CONTROL DEL SISTEMA
Número de control de sistema OCLC ocm03373612 from D960216M
040 ## - FUENTE DE LA CATALOGACIÓN
Centro catalogador/agencia de origen DO-SdBNP
Centro/agencia transcriptor TOL
Centro/agencia modificador DZM
-- EQO
050 #0 - SIGNATURA TOPOGRÁFICA DE LA BIBLIOTECA DEL CONGRESO
Número de clasificación PA51
Número de documento/Ítem .K84 1941
082 ## - NÚMERO DE LA CLASIFICACIÓN DECIMAL DEWEY
Número de clasificación D0503585876
100 1# - ENTRADA PRINCIPAL--NOMBRE DE PERSONA
Nombre de persona Kroll, Wilhelm,
Fechas asociadas al nombre 1869-1939.
9 (RLIN) 32522
245 10 - MENCIÓN DE TÍTULO
Título Historia de la filología clásica. /
Mención de responsabilidad, etc. Tr. y ampliada por Pascual Galindo Romeo.
250 ## - MENCIÓN DE EDICIÓN
Mención de edición 2. ed
260 ## - PUBLICACIÓN, DISTRIBUCIÓN, ETC.
Lugar de publicación, distribución, etc. Barcelona :
Nombre del editor, distribuidor, etc. Editorial Labor,
Fecha de publicación, distribución, etc. [1941].
300 ## - DESCRIPCIÓN FÍSICA
Extensión 188 p. :
Otras características físicas ilus., ports. ;
Dimensiones 19 cm.
440 #0 - MENCIÓN DE SERIE/PUNTO DE ACCESO ADICIONAL--TÍTULO
Título Colección Labor.
Número de parte o sección de la obra Sección III,
Nombre de parte o sección de la obra Ciencias literarias
9 (RLIN) 32523
650 #0 - PUNTO DE ACCESO ADICIONAL DE MATERIA--TÉRMINO DE MATERIA
Término de materia o nombre geográfico como elemento de entrada Classical philology
Subdivisión general History
9 (RLIN) 32524
852 ## - LOCALIZACIÓN
-- 14676005
-- In place
-- 503585877
910 ## - DATOS DE OPCIÓN DEL USUARIO (OCLC)
Datos de opción del usuario Catalogación derivada
Holdings
Estado de retiro Estado de pérdida Restricciones de uso No para préstamo Código de colección Localización permanente Ubicación/localización actual Ubicación en estantería Fecha de adquisición Número de inventario Total de préstamos Signatura topográfica completa Código de barras Fecha visto por última vez Precio válido a partir de Tipo de ítem Koha
      Excluido de préstamo Monografías: Libros y Folletos General General En catalogación 14.12.2009 LF1   D0503585876 14414-30 25.06.2020 25.06.2020 No se presta

Powered by Koha